<?xml version="1.0" encoding="UTF-8"?>
<record
    xmlns:xsi="http://www.w3.org/2001/XMLSchema-instance"
    xsi:schemaLocation="http://www.loc.gov/MARC21/slim http://www.loc.gov/standards/marcxml/schema/MARC21slim.xsd"
    xmlns="http://www.loc.gov/MARC21/slim">

  <leader>03456nam a22003977a 4500</leader>
  <controlfield tag="001">BRCA_8569</controlfield>
  <controlfield tag="002">s/no.</controlfield>
  <controlfield tag="003">FranzMayer</controlfield>
  <controlfield tag="005">20260507110012.0</controlfield>
  <controlfield tag="006">a||||fr|||| 000 0 </controlfield>
  <controlfield tag="007">tz</controlfield>
  <controlfield tag="008">251006s1622    -naa|||f f||| 000 0 dut d</controlfield>
  <datafield tag="040" ind1=" " ind2=" ">
    <subfield code="a">BMFM</subfield>
    <subfield code="b">spa</subfield>
  </datafield>
  <datafield tag="041" ind1="0" ind2=" ">
    <subfield code="a">dut</subfield>
  </datafield>
  <datafield tag="050" ind1=" " ind2="0">
    <subfield code="a">ND1290</subfield>
    <subfield code="b">.D87 1622</subfield>
  </datafield>
  <datafield tag="100" ind1="1" ind2=" ">
    <subfield code="a">D&#xFC;rer, Albrecht</subfield>
    <subfield code="d">(1471-1528)</subfield>
    <subfield code="9">48</subfield>
    <subfield code="4">autor</subfield>
  </datafield>
  <datafield tag="245" ind1="1" ind2="0">
    <subfield code="a">Beschryvinghe van de Albrecht Durer, van de menschelijke proportion /</subfield>
    <subfield code="c">Albrecht, D&#xFC;rer</subfield>
  </datafield>
  <datafield tag="246" ind1="1" ind2="1">
    <subfield code="a">Descripci&#xF3;n de Albrecht D&#xFC;rer sobre la proporci&#xF3;n humana</subfield>
  </datafield>
  <datafield tag="260" ind1=" " ind2=" ">
    <subfield code="a">Arnhem, Pa&#xED;ses Bajos: </subfield>
    <subfield code="b">Jan Jansz,</subfield>
    <subfield code="c">1622</subfield>
  </datafield>
  <datafield tag="300" ind1=" " ind2=" ">
    <subfield code="a">161 p&#xE1;ginas :</subfield>
    <subfield code="b">Ilustraciones y diagramas xilogr&#xE1;ficos ;</subfield>
    <subfield code="c">31.2 x 21.5 x 4.2 cm</subfield>
  </datafield>
  <datafield tag="520" ind1="3" ind2=" ">
    <subfield code="a">Edici&#xF3;n holandesa de uno de los libros de la obra: "Vier B&#xFC;cher von menschlicher Proportion" (Cuatro libros de proporciones humanas) del artista Albrecht D&#xFC;rer, tambi&#xE9;n concido en espa&#xF1;ol como Alberto Durero. </subfield>
    <subfield code="b">Inspirado en los tratados est&#xE9;ticos de Vitruvio; Villard de Honnecourt; Alberti y Leonardo da Vinci, en este libro D&#xFC;rer analiza las proporciones del cuerpo humano seg&#xFA;n distintos tipos f&#xED;sicos. Su relevancia radica en que fue uno de los primeros artistas en abordar la antropometr&#xED;a comparativa y diferencial, demostrando, seg&#xFA;n reglas matem&#xE1;ticas, c&#xF3;mo var&#xED;an las proporciones en cuerpos de distintas caracter&#xED;sticas y edades (ni&#xF1;os, adultos, personas delgadas, corpulentas, entre otros).</subfield>
  </datafield>
  <datafield tag="563" ind1=" " ind2=" ">
    <subfield code="a">Otras referencias f&#xED;sicas: Encuadernaci&#xF3;n entera en pergamino. El papel del cuerpo del libro est&#xE1; formado por pulpa de trapo, hecho a mano, con marcas de verjurado. El cuerpo del libro est&#xE1; formado por cuadernillos unidos mediante costura alternada sobre cuatro soportes de costura sencillos y elevados, de piel alumada. Las prolongaciones se usaron para unir el cuerpo a la cartera. El cuerpo presenta escartivanas a las que se adhirieron y cosieron l&#xE1;minas desplegables. Lomera recta con endoses de tela en los cinco paneles. En los paneles de cabeza y pie (uno y cinco) endoses de papel. Cabezadas tejidas con hilo azul, con almas de piel alumada y prolongaciones enlazadas a la cartera. Cantos del cuerpo refinados. Soportes de las tapas probablemente de cart&#xF3;n. Cartera con extensiones al frente. R&#xF3;tulo manuscrito en el lomo. Texto impreso. La tipograf&#xED;a en las dos &#xFA;ltimas p&#xE1;ginas es distinta al resto</subfield>
  </datafield>
  <datafield tag="591" ind1=" " ind2=" ">
    <subfield code="a">Estado de Conservaci&#xF3;n: Bueno</subfield>
  </datafield>
  <datafield tag="591" ind1=" " ind2=" ">
    <subfield code="b">Descripci&#xF3;n de conservaci&#xF3;n: Libro con intervenciones: hojas de guarda repuestas, hojas reforzadas, portada laminada. Presenta manchas y suciedad leve (especialmente en primeras y &#xFA;ltimas hojas), algunas roturas y faltantes en las hojas, foxing, oxidaci&#xF3;n del papel, cabezadas desprendidas del cuerpo</subfield>
  </datafield>
  <datafield tag="592" ind1=" " ind2=" ">
    <subfield code="a">Marcas Adicionales: Ilustraciones y diagramas xilogr&#xE1;ficos. Monograma de Albrecht D&#xFC;rer en la portada. Letras iniciales xilograf&#xED;as </subfield>
  </datafield>
  <datafield tag="593" ind1=" " ind2=" ">
    <subfield code="a">Tratados, compendios y manuales</subfield>
  </datafield>
  <datafield tag="600" ind1="1" ind2="0">
    <subfield code="a">D&#xFC;rer, Albrecht</subfield>
    <subfield code="d">1471-1528</subfield>
    <subfield code="x">Works on proportions</subfield>
    <subfield code="9">30066</subfield>
  </datafield>
  <datafield tag="650" ind1="1" ind2="0">
    <subfield code="a">Anatomy, Artistic</subfield>
    <subfield code="9">30067</subfield>
  </datafield>
  <datafield tag="650" ind1="1" ind2="0">
    <subfield code="a">Human figure in art</subfield>
    <subfield code="y">Early works to 1800</subfield>
    <subfield code="9">30068</subfield>
  </datafield>
  <datafield tag="650" ind1="1" ind2="0">
    <subfield code="a">Proportion (Art)</subfield>
    <subfield code="y">Early works to 1800</subfield>
    <subfield code="9">30069</subfield>
  </datafield>
  <datafield tag="700" ind1="1" ind2=" ">
    <subfield code="e">editor</subfield>
    <subfield code="a">Jansz, Jan</subfield>
    <subfield code="9">30070</subfield>
  </datafield>
  <datafield tag="856" ind1="4" ind2="1">
    <subfield code="q">TIFF//PDF</subfield>
    <subfield code="u">https://bibliotecadigital.franzmayer.org.mx/items/602014b3-a8a6-46ee-ab01-ae1c6ef3e086</subfield>
    <subfield code="y">Biblioteca Digital Franz Mayer</subfield>
  </datafield>
  <datafield tag="902" ind1=" " ind2=" ">
    <subfield code="a">KH</subfield>
    <subfield code="a">TV</subfield>
    <subfield code="a">FM</subfield>
  </datafield>
  <datafield tag="942" ind1=" " ind2=" ">
    <subfield code="2">lcc</subfield>
    <subfield code="c">B</subfield>
  </datafield>
  <datafield tag="960" ind1=" " ind2=" ">
    <subfield code="a">CS-L3-N2</subfield>
  </datafield>
  <datafield tag="999" ind1=" " ind2=" ">
    <subfield code="c">11094</subfield>
    <subfield code="d">11094</subfield>
  </datafield>
  <datafield tag="952" ind1=" " ind2=" ">
    <subfield code="a">BRCA</subfield>
    <subfield code="b">BRCA</subfield>
    <subfield code="f">CS-L3-N2</subfield>
    <subfield code="i">s/no.</subfield>
    <subfield code="l">0</subfield>
    <subfield code="o">ND1290 .D87 1622</subfield>
    <subfield code="p">LAR00073</subfield>
    <subfield code="r">2025-10-06 18:52:00</subfield>
    <subfield code="y">B</subfield>
    <subfield code="0">0</subfield>
    <subfield code="1">0</subfield>
    <subfield code="2">lcc</subfield>
    <subfield code="5">2</subfield>
    <subfield code="7">0</subfield>
    <subfield code="8">LAR</subfield>
  </datafield>
</record>
